La chartreuse de parme

Đã lưu trong:
书目详细资料
主要作者: Henri Beyle Stendhal
格式: 图书
语言:Undetermined
出版: Paris Garnier-Flammarrion 1964
主题:
标签: 添加标签
没有标签, 成为第一个标记此记录!
Thư viện lưu trữ: Trung tâm Học liệu Trường Đại học Cần Thơ
LEADER 00466nam a2200169Ia 4500
001 CTU_32731
008 210402s9999 xx 000 0 und d
082 |a 843.7 
082 |b S825c 
100 |a Henri Beyle Stendhal 
245 0 |a La chartreuse de parme 
245 0 |c Henri Beyle Stendhal 
260 |a Paris 
260 |b Garnier-Flammarrion 
260 |c 1964 
650 |a french fiction - 19th century 
980 |a Trung tâm Học liệu Trường Đại học Cần Thơ